Fungal genetics (Record no. 21150)

MARC details
000 -LEADER
fixed length control field 00341nam a2200145Ia 4500
082 ## - DEWEY DECIMAL CLASSIFICATION NUMBER
Classification number 582.28:575
Item number FIN
100 ## - MAIN ENTRY--AUTHOR NAME
Personal name DAY, P R
245 #0 - TITLE STATEMENT
Title Fungal genetics
250 ## - EDITION STATEMENT
Edition statement Ed.2
260 ## - PUBLICATION, DISTRIBUTION, ETC. (IMPRINT)
Place of publication Oxford
Name of publisher Blackwell
Year of publication 1963
650 ## - SUBJECT ADDED ENTRY--TOPICAL TERM
Topical Term Fungal genetics
700 ## - ADDED ENTRY--PERSONAL NAME
Personal name FINCHAM, J R S
942 ## - ADDED ENTRY ELEMENTS (KOHA)
Koha item type Books
Holdings
Withdrawn status Lost status Damaged status Not for loan Home library Current library Date acquired Full call number Accession Number Koha item type
        RRII Library RRII Library 16/12/2021 582.28:575 FIN 01870 Books